Jaké jsou současné daňové systémy Svět daní. 8

Reformy v daňovom systéme v 80. a 90. rokoch. Daňové kvóty v r. 1993 vo vybraných európskych štátoch. Daňová štruktúra v krajinách OECD. Zavádzanie ekologických daní. Zdaňovanie príjmov a príspevky na sociálne poistenie. Harmonizácia daní.

Gespeichert in:
Bibliographische Detailangaben
1. Verfasser: Kubátová, Květa
Format: Buchkapitel
Sprache:Tschechisch
Schlagworte:
Tags: Tag hinzufügen
Keine Tags, Fügen Sie das erste Tag hinzu!

MARC

LEADER 00000naa a2200000 4500
001 r025972
005 20230920093700.2
041 0 |a cze 
044 |a CZ 
245 1 0 |a Jaké jsou současné daňové systémy  |b Svět daní. 8  |c Květa Kubátová 
520 |a Reformy v daňovom systéme v 80. a 90. rokoch. Daňové kvóty v r. 1993 vo vybraných európskych štátoch. Daňová štruktúra v krajinách OECD. Zavádzanie ekologických daní. Zdaňovanie príjmov a príspevky na sociálne poistenie. Harmonizácia daní. 
610 2 0 |a dane ekologické 
610 2 0 |a dane z príjmov 
610 2 0 |a reformy daňové 
610 2 0 |a Európa 
610 2 0 |a OECD 
610 2 0 |a ekologizácia 
610 2 0 |a poistenie sociálne 
100 1 |a Kubátová, Květa